000 00278nam a22001217a 4500
008 181017b xxu||||| |||| 00| 0 eng d
041 _aeng
080 _a316
100 _a316
101 _aSOC
245 _aThe Sociology Of Social Problems
_cMorton.P.B
942 _2udc
_cBK
999 _c49996
_d49996